1611 1501 1945 1391 1385 1799 1892 1201 1538 1642 1237 1947 1518 1196 1427 1135 1949 1767 1037 1283 1603 1098 1991 1889 1944 1578 1505 1312 1787 1005 1420 1250 1777 1262 1175 1237 1629 1271 1637 1148 1690 1761 1250 1217 1582 1250 1364 1371 1518 1957 1179 1471 1530 1428 1902 1747 1301 1786 1582 1589 1226 1165 1339 1732 1170 1551 1882 1157 1764 1579 1160 1256 1835 1014 1045 1580 1442 1864 1281 1640 1284 1801 1211 1578 1543 1641 1483 1165 1940 1734 1784 1257 1058 1007 1716 1790 1838 1165 1548 BCNSPRNW ULIB Ver.6.0+V

เปลี่ยนเป็นภาษาไทย

Change to English
 แสดงรายละเอียดบรรณานุกรม
  กลับหน้าหลัก

Brief Record : Get Marc (ISO 2709) : E-mail record : QR code < ปิดหน้าต่าง
LEADER : 00000nam 2200000uu 4500
001    13399114402
003     ULIB
008    110727s||||||||th 000 0 tha d
020    9786167068329
050  4 HA62^bบ422ก
100 0  บุญชม ศรีสะอาด
245 00 การวิจัยเบื้องต้น /^cบุญชม ศรีสะอาด
250    พิมพ์ครั้งที่ 8(ฉบับปรับปรุงใหม่)
260    กรุงเทพฯ :^bสุวีริยาสาส์น,^c2553
300    219 หน้า
650  7 วิจัย
945    ^p250^l0^i031493
945    ^p250^l0^i031494
945    ^p250^l0^i031495
995    ทศพร
999 ^a ทศพร
รายการนี้ยังไม่มีแท็ก
คุณยังไม่ได้ล็อกอิน คุณสามารถมีกิจกรรมร่วมกับเว็บไซต์ได้ แต่ต้องล็อกอินก่อน ::
  ล็อกอิน

รายการสื่อสารสนเทศ

ลำดับที่ ประเภท เลขเรียก/บาร์โค้ด สถานที่ สถานะ
- ไม่พบข้อมูล -

รายการใกล้เคียง
    ผู้แต่ง [บุญชม ศรีสะอาด]

    หัวเรื่อง [วิจัย]

BibComment


ยังไม่เคยถูกคอมเมนท์

คอมเมนท์ทรัพยากรรายการนี้
  คอมเมนท์: การวิจัยเบื้องต้น..


 Copyright 2026. Bcnsprnw @Library